000 00563nam a22002057a 4500
003 OSt
005 20140310184423.0
008 131008t xxu||||| |||| 00| 0 eng d
020 _a9780545227735
050 _aPZ 7
_b.St857Tsmp 2010
100 _aStilton, Geronimo
245 _aThe Stilton, and the mystery in Paris /
_bGeronimo Stilton.
260 _aNew York :
_bScholastic Inc.,
_c2010
300 _a157 p. :
_bill. col. ;
_c20 cm.
521 _aG4
526 _c650
650 _aFiction
_xJuvenile
_926638
942 _2lcc
_cBK-SCHOLAS
999 _c34270
_d34270